| 000 | 00492nam a22001457a 4500 | ||
|---|---|---|---|
| 003 | 0 | ||
| 005 | 20230610085506.0 | ||
| 008 | 230610b xxu||||| |||| 00| 0 eng d | ||
| 050 |
_aQA76.59 _b.G38 2022 |
||
| 245 |
_aDevelopment of a mobile application on ordering and reservation for bea's kakanin _cGavino, Alyssa Gabrielle L. |
||
| 260 |
_aLas Pinas City _bSouthville International School and Colleges _cC2022 |
||
| 300 |
_axi,135pp. _c28cm. |
||
| 500 | _aMobile application. | ||
| 942 |
_2lcc _cTH |
||
| 999 |
_c364968 _d364968 |
||